Tiempos violentos: neoliberalismo, globalización y desigualdad en América Latina /

Guardado en:
書目詳細資料
主要作者: Boron, Atilio A
其他作者: Comp, Gambina, Julio, Minsburg, Naúm
格式: Texto
出版: Buenos Aires: EUDEBA
標簽: 添加標簽
沒有標簽, 成為第一個標記此記錄!

MARC

LEADER 00000 a a2200000 04500
001 18379
003
040
090 |a 142900  
100 |a Boron, Atilio A  
245 |a Tiempos violentos: neoliberalismo, globalización y desigualdad en América Latina /  |c Atilio A Boron 
260 |a Buenos Aires:   |b EUDEBA  
300 |a 318 p.  
500 |a Disponble en Cd, en No. 194115  
700 |a Comp  
700 |a Gambina, Julio  
700 |a Comp  
700 |a Minsburg, Naúm  
700 |a Comp  
999 |c 14126  |d 14126